|
|
|
|
| LEADER |
00000nab a2200000 a 4500 |
| 001 |
vtls010708569 |
| 003 |
SK-MaSNL |
| 005 |
20260304190248.0 |
| 008 |
250709s xo |||||||||||||||||slo| |
| 035 |
|
|
|a (urnnbn)urn:nbn:sk:snk:ar-a043og
|
| 035 |
|
|
|a (uuid)ea7776a1-af40-4fd2-b70b-021eef85c808
|
| 035 |
|
|
|a urn:nbn:sk:snk-ab3ce7
|
| 040 |
|
|
|a SNKBUCL
|b slo
|c SNKBUCL
|e AACR2
|
| 041 |
0 |
|
|a slo
|
| 044 |
|
|
|a xo
|c SK
|
| 100 |
1 |
|
|a Babilonský, Koloman,
|d 1905-1973
|4 aut
|9 62075
|
| 245 |
1 |
0 |
|a Odbory učiteľstva meštianskych škôl
|c Koloman Babilonský
|
| 773 |
0 |
|
|t Národná škola slovenská : orgán Slovenskej obce učiteľskej
|g Roč. 15, č. 9 (1936-1937), s. 152-153
|
| 850 |
|
|
|a Slovenská národná knižnica
|
| 852 |
|
|
|a Slovenská národná knižnica
|
| 954 |
|
|
|a odborná, vedecká literatúra pôvodná (slovenská)
|2 lita
|
| 958 |
|
|
|a article1
|
| 958 |
|
|
|a OND
|
| 958 |
|
|
|a EUIPO
|
| 999 |
|
|
|c 3049554
|d 3051484
|